Qui sont ces médaillés français aux Jeux Olympiques 2024 ? - Statistiques

Statistiques générales
  • Ce quiz a été pris 80 fois
  • Le résultat moyen est 13 sur 20
Statistiques - réponses
Par images Hint Réponse % Correct
Judo Teddy Riner
100%
Tennis de Table Alexis Lebrun
99%
Rugby à 7 Antoine Dupont
99%
Tennis de Table Felix Lebrun
99%
Natation Léon Marchand
99%
Natation Florent Manaudou
94%
Basketball Victor Wembanyama
81%
Football Alexandre Lacazette
78%
Cyclisme Mountain Bike Pauline Ferrand Prévot
66%
Triathlon Cassandre Beaugrand
62%
Judo Clarisse Agbegnenou
59%
Judo Joan Benjamin Gaba
54%
Judo Romane Dicko
54%
Escrime Manon Apithy Brunet, Sara Balzer
53%
Cyclisme BMX Racing Joris Daudet, Sylvain André, Romain Mahieu
46%
Surf Kauli Vaast
44%
Cyclisme sur Piste Benjamin Thomas
43%
Taekwondo Althea Laurin
34%
Canoë Kayak Slalom Nicolas Gestin
32%
Judo Luka Mkheidze
29%
Aucun quiz correspondant
Distribution des résultats
% des personnes avec chaque résultat
Percentile par nombre de réponses
Votre historique - résultats
Vous n’avez pas pris ce quiz